Политехники, сделавшие Кузбасс великим гигантом индустрии; Томский политехник; Вып. 6
| Parent link: | Томский политехник: ежегодный журнал/ Томский политехнический университет (ТПУ), Ассоциация выпускников.— , 1995- Вып. 6.— 2000.— [С. 128-131] |
|---|---|
| Hovedforfatter: | |
| Andre forfattere: | , |
| Summary: | Заглавие с титульного листа Электронная версия печатной публикации |
| Sprog: | russisk |
| Udgivet: |
2000
|
| Serier: | ТПУ в экономике, бизнесе, политике |
| Fag: | |
| Online adgang: | Цветная версия без потери качества |
| Format: | MixedMaterials Electronisk Book Chapter |
| KOHA link: | https://koha.lib.tpu.ru/cgi-bin/koha/opac-detail.pl?biblionumber=190710 |
MARC
| LEADER | 00000nla2a2200000 4500 | ||
|---|---|---|---|
| 001 | 190710 | ||
| 005 | 20231031180324.0 | ||
| 035 | |a (RuTPU)RU\TPU\book\207893 | ||
| 035 | |a RU\TPU\book\207864 | ||
| 090 | |a 190710 | ||
| 100 | |a 20110127d2000 km y0rusy50 ca | ||
| 101 | 0 | |a rus | |
| 102 | |a RU | ||
| 135 | |a drnn ---uucaa | ||
| 181 | 0 | |a i | |
| 182 | 0 | |a b | |
| 200 | 1 | |a Политехники, сделавшие Кузбасс великим гигантом индустрии |b Электронный ресурс |f А. Ф. Коробейников, Ю. Н. Попов, В. Г. Лукьянов | |
| 203 | |a Текст |c электронный | ||
| 215 | |a 1 файл (13 Мб) | ||
| 225 | 1 | |a ТПУ в экономике, бизнесе, политике | |
| 230 | |a Электронные текстовые данные (1 файл : 13 Мб) | ||
| 300 | |a Заглавие с титульного листа | ||
| 300 | |a Электронная версия печатной публикации | ||
| 337 | |a Adobe Reader | ||
| 461 | 1 | |0 (RuTPU)RU\TPU\book\202435 |t Томский политехник |o ежегодный журнал |f Томский политехнический университет (ТПУ), Ассоциация выпускников |d 1995- | |
| 463 | 1 | |0 (RuTPU)RU\TPU\book\207559 |t Вып. 6 |v [С. 128-131] |d 2000 |p 225 с. | |
| 601 | 0 | 2 | |a Томский технологический институт (ТТИ) |c (1896-1923) |2 stltpush |3 (RuTPU)RU\TPU\col\9244 |
| 601 | 0 | 2 | |a Томский политехнический институт (ТПИ) |c (1944-1991) |2 stltpush |3 (RuTPU)RU\TPU\col\1123 |
| 601 | 0 | 2 | |a Томский политехнический университет (ТПУ) |c (1991-2009) |2 stltpush |3 (RuTPU)RU\TPU\col\376 |
| 610 | 1 | |a политехники | |
| 610 | 1 | |a российские ученые | |
| 610 | 1 | |a геологи | |
| 610 | 1 | |a горняки | |
| 610 | 1 | |a горнопромышленный комплекс | |
| 610 | 1 | |a Кузбасс | |
| 610 | 1 | |a Западная Сибирь | |
| 610 | 1 | |a индустрия | |
| 610 | 1 | |a история | |
| 610 | 1 | |a месторождения | |
| 610 | 1 | |a труды учёных ТПУ | |
| 610 | 1 | |a электронный ресурс | |
| 700 | 1 | |a Коробейников |b А. Ф. |c российский геолог, доктор геолого-минералогических наук |c профессор Томского политехнического университета |f 1934- |g Александр Феопенович |2 stltpush |3 (RuTPU)RU\TPU\pers\12688 | |
| 701 | 1 | |a Попов |b Ю. Н. |c российский геолог |c доцент Томского политехнического университета |g Юрий Николаевич |2 stltpush |3 (RuTPU)RU\TPU\pers\26234 |4 070 | |
| 701 | 1 | |a Лукьянов |b В. Г. |c горный инженер |c профессор Томского политехнического университета, доктор технических наук |f 1930- |g Виктор Григорьевич |2 stltpush |3 (RuTPU)RU\TPU\pers\12910 |4 070 | |
| 801 | 1 | |a RU |b 63413507 |c 20101101 | |
| 801 | 2 | |a RU |b 63413507 |c 20130520 |g RCR | |
| 856 | 4 | |u http://www.lib.tpu.ru/fulltext/v/Tomsk_polytechnic/2000/N6a32_full.pdf |z Цветная версия без потери качества | |
| 942 | |c CF | ||